Trh krátkodobých cenných papierov peňažného trhu eurozóny v podmienkach súčasnej finančnej krízy

Peňažný trh eurozóny a jeho segmenty. Analýza obchodov s krátkodobými cennými papiermi na peňažnom trhu eurozóny (2006-2012).

Guardado en:
Detalles Bibliográficos
Autor principal: Malacká, Viera
Formato: Capítulo de libro
Lenguaje:eslovaco
Materias:
Etiquetas: Agregar Etiqueta
Sin Etiquetas, Sea el primero en etiquetar este registro!

MARC

LEADER 00000nla a2200000 4500
001 0178830
005 20240502083421.2
041 0 |a slo 
044 |a CZ 
245 1 0 |a Trh krátkodobých cenných papierov peňažného trhu eurozóny v podmienkach súčasnej finančnej krízy  |c Viera Malacká 
520 |a Peňažný trh eurozóny a jeho segmenty. Analýza obchodov s krátkodobými cennými papiermi na peňažnom trhu eurozóny (2006-2012). 
610 2 0 |a trh peňažný 
610 2 0 |a trh peňažný medzinárodný 
610 2 0 |a eurozóna 
610 2 0 |a dlhopisy 
610 2 0 |a papiere cenné 
100 1 |a Malacká, Viera